Catálogo público

El mito de las dietas: (Record no. 219853)

MARC details
000 -CABECERA
campo de control de longitud fija 01741nam a2200301 4500
003 - IDENTIFICADOR DEL NÚMERO DE CONTROL
campo de control OSt
005 - FECHA Y HORA DE LA ÚLTIMA TRANSACCIÓN
campo de control 20240417145217.0
008 - DATOS DE LONGITUD FIJA--INFORMACIÓN GENERAL
campo de control de longitud fija 240417s2015 sp |||f |||| 001 0 spa d
020 ## - NÚMERO INTERNACIONAL ESTÁNDAR DEL LIBRO
Número Internacional Estándar del Libro 9788494610370
040 ## - FUENTE DE LA CATALOGACIÓN
Normas de descripción rda
Centro/agencia transcriptor CHAP
082 00 - NÚMERO DE LA CLASIFICACIÓN DECIMAL DEWEY
Número de edición 22
Número de clasificación 613.2
Número de documento/Ítem S74
100 1# - ENTRADA PRINCIPAL--NOMBRE DE PERSONA
9 (RLIN) 188955
Nombre de persona Spector, Tim
245 13 - MENCIÓN DE TÍTULO
Título El mito de las dietas:
Resto del título la flora intestinal, clave de un peso saludable /
Mención de responsabilidad, etc. por Tim Spector
250 ## - MENCIÓN DE EDICIÓN
Mención de edición Primera edición
264 #1 - PRODUCCIÓN, PUBLICACIÓN, DISTRIBUCIÓN, FABRICACIÓN Y COPYRIGHT
Producción, publicación, distribución, fabricación y copyright Epaña:
Nombre del de productor, editor, distribuidor, fabricante Bosch Antoni,
Fecha de producción, publicación, distribución, fabricación o copyright 2015.
300 ## - DESCRIPCIÓN FÍSICA
Extensión 446 páginas:
Otras características físicas sin ilustraciones
336 ## - TIPO DE CONTENIDO
Fuente rdacontent
Término de tipo de contenido texto
Código de tipo de contenido txt
337 ## - TIPO DE MEDIO
Fuente rdamedia
Nombre/término del tipo de medio sin medio
Código del tipo de medio n
338 ## - TIPO DE SOPORTE
Fuente rdacarrier
Nombre/término del tipo de soporte volumen
Código del tipo de soporte nc
504 ## - NOTA DE BIBLIOGRAFÍA, ETC.
Nota de bibliografía, etc. Incluye índice y bibliografía
520 ## - SUMARIO, ETC.
Sumario, etc. Por qué fracasan la mayoría de las dietas? ¿Por qué, pese a todos los consejos sobre qué hemos de comer, seguimos engordando?. Las respuestas son mucho más sorprendentes y fascinantes de lo que nos habían hecho creer. La clave de la salud y el bienestar no está en la última dieta de moda, ni siquiera en la consigna simplista de “comer menos y hacer más ejercicio”, sino en nuestros microbios intestinales.Basándose en los últimos conocimientos científicos y en sus propias y punteras investigaciones, Tim Spector desmitifica las habituales ideas erróneas sobre las grasas, las calorías, las vitaminas y los nutrientes. Solo si entendemos lo que hace funcionar a nuestros microbios intestinales, podremos superar la confusión de la nutrición moderna y tener un cuerpo sano.
534 ## - NOTA SOBRE LA VERSIÓN ORIGINAL
Frase introductoria Título original:
Mención de título del original The Diet Myth
650 #4 - PUNTO DE ACCESO ADICIONAL DE MATERIA--TÉRMINO DE MATERIA
9 (RLIN) 146663
Término de materia o nombre geográfico como elemento de entrada Alimentación balanceada
650 #4 - PUNTO DE ACCESO ADICIONAL DE MATERIA--TÉRMINO DE MATERIA
9 (RLIN) 146707
Término de materia o nombre geográfico como elemento de entrada Salud intestinal
650 #7 - PUNTO DE ACCESO ADICIONAL DE MATERIA--TÉRMINO DE MATERIA
9 (RLIN) 75149
Término de materia o nombre geográfico como elemento de entrada Metabolismo
650 #4 - PUNTO DE ACCESO ADICIONAL DE MATERIA--TÉRMINO DE MATERIA
9 (RLIN) 146880
Término de materia o nombre geográfico como elemento de entrada Nutrición óptima
942 ## - ELEMENTOS DE PUNTO DE ACCESO ADICIONAL (KOHA)
Fuente del sistema de clasificación o colocación Dewey Decimal Classification
Tipo de ítem Koha Libro
Holdings
Estado de retiro Estado de pérdida Fuente del sistema de clasificación o colocación Estado dañado Restricciones de uso No para préstamo Código de colección Localización permanente Ubicación/localización actual Ubicación en estantería Fecha de adquisición Total de préstamos Signatura topográfica completa Código de barras Fecha visto por última vez Fecha del último préstamo Precio válido a partir de Tipo de ítem Koha
    Dewey Decimal Classification   Préstamo 15 días   General Biblioteca Central Biblioteca Central Planta principal - Colección General 17/04/2024 1 613.2 S74 33724002584638 07/04/2025 25/02/2025 17/04/2024 Libro